00406nam a2200121Ia 4500008004100000041000800041082001200049100006100061245008600122260004000208300001900248999001700267241015s9999 xx 000 0 und d aeng a658 AND aAnderson/ Sweeney/ Williams/ Camm/ Cochran/ Fry/ Ohlmann aAn Introduction To Management Science: Quantitative Approaches To Decision Making bCengage Learning IndiaaDehlic2019 a760;. P. 27 cm c41807d41807